| 000 | 00982cgm a2200349 4500 | ||
|---|---|---|---|
| 001 | M98681 | ||
| 008 | 090401t1999 xxu||||| |||| 00| 0 eng d | ||
| 035 | _a(Sirsi) u93412 | ||
| 041 | _aeng | ||
| 110 |
_aTelevision Education Network _93468 |
||
| 245 | 4 | _aThe Chartered Surveyors Television Channel : construction option 2. - February 1999 | |
| 260 |
_bTelevision Education Network _c1999 |
||
| 300 | _a1 Video cassette (90mins) : sd. | ||
| 350 | _a0 | ||
| 650 | _aBMI | ||
| 650 | _aCHARTERED SURVEYORS CHANNEL | ||
| 650 |
_aCompulsory purchase _96228 |
||
| 650 | _aCONSTRUCTION CONFEDERATION | ||
| 650 | _aCONTAMINATED LAND | ||
| 650 | _aDATA EXCHANGE | ||
| 650 | _aELECTRONIC TENDERING | ||
| 650 |
_aHEALTH AND SAFETY _96244 |
||
| 650 | _aHSE | ||
| 650 | _aMAINTENANCE COSTS | ||
| 650 | _aSTEEL | ||
| 650 | _aSUBSIDENCE | ||
| 650 | _aTEN VIDEOS | ||
| 650 | _aURBAN TASK FORCE | ||
| 690 | _aPROFESSIONAL PRACTICE | ||
| 942 | _n0 | ||
| 948 | _c19/05/1999 | ||
| 999 |
_c85387 _d85387 |
||